Statistics for Types of Whales

Click here to take the quiz!

General Stats

  • This quiz has been taken 732 times
  • The average score is 14 of 48

Answer Stats

Answer% Correct
Blue whale
98%
Killer whale/Orca
92%
Dwarf sperm whale
87%
Humpback whale
87%
Pygmy sperm whale
86%
Sperm whale
86%
Beluga
70%
Gray whale
57%
Narwhal
55%
Southern right whale
54%
North Atlantic right whale
51%
North Pacific right whale
50%
Antarctic minke whale
48%
Common minke whale
48%
Fin whale
43%
Bowhead whale
32%
Long-finned pilot whale
32%
Short-finned pilot whale
32%
Northern bottlenose whale
28%
Southern bottlenose whale
28%
Tropical bottlenose whale
27%
Sei whale
26%
Pygmy beaked whale
22%
Pygmy right whale
22%
False killer whale
18%
Bryde's whale
15%
Cuvier
10%
Omura's whale
8%
Baird's beaked whale
6%
Strap-toothed whale
5%
Blainville's beaked whale
4%
Hector's beaked whale
4%
Sowerby's beaked whale
4%
True's beaked whale
4%
Andrews' beaked whale
3%
Arnoux's beaked whale
3%
Melon-headed whale
3%
Spade-toothed whale
3%
Gervais' beaked whale
2%
Gray's beaked whale
2%
Hubbs' beaked whale
2%
Pygmy killer whale
2%
Shepherd's beaked whale
2%
Stejneger's beaked whale
2%
Eden's whale
1%
Ginkgo-toothed beaked whale
1%
Deraniyagala's beaked whale
0%
Perrin's beaked whale
0%

Score Distribution

Percentile by Number Answered

Percent of People with Each Score

Your Score History

You have not taken this quiz